| 000 | 00843nam a2200229Ii 4500 | ||
|---|---|---|---|
| 003 | JO-AjNU | ||
| 008 | 230605s9999||||xx |||||||||||||| ||und|| | ||
| 017 | _a2020/1/168 | ||
| 020 | _a1-681202-095606 | ||
| 040 |
_aJO-AjNU _bara _erda _cJO-AjNU |
||
| 041 | _aara | ||
| 050 | 1 | 4 | _aDS109.9.F865 2020 |
| 100 | 3 |
_aالفقهاء، عصام نجيب, _eauthor _961164 |
|
| 245 | 0 | 0 | _aعبقرية القدس |
| 250 | _aط1 | ||
| 264 | 3 | 1 | _aعمان: جامعة فيلادلفيا، 2020 |
| 300 |
_a322ص _bيحتو على صور ورسومات توضيحية ومراجع ومصادر |
||
| 336 |
_atext _btxt _2rdacontent |
||
| 337 |
_aunmediated _bn _2rdamedia |
||
| 338 |
_avolume _bnc _2rdacarrier |
||
| 650 | 4 |
_aالقدس-المناطق العربية المحتلة-المقاومة الفلسطينية-تاريخ فلسطين _961165 |
|
| 999 |
_aA27629 _c31197 _d31197 |
||